| 000 | 00390nam a22001577a 4500 | ||
|---|---|---|---|
| 020 | _a0-7160-2129-3 | ||
| 082 |
_a158 _bALB/N |
||
| 100 | _aALBINSON, CLARE | ||
| 245 |
_aTHE HARMONY WITH YOUR HORSE _bSHORT STORY |
||
| 246 |
_aTHE HARMONY WITH YOUR HORSE _bSHORT STORY |
||
| 260 | _bELLIOT RIGHT WAY BOOKS | ||
| 300 | _a124 | ||
| 520 | _aSHORT STORY | ||
| 650 | _aSHORT STORY | ||
| 942 | _cBK | ||
| 999 |
_c1835 _d1835 |
||